[Event "Petah Tikva Winter IM-B"]
[Site "Petah Tikva"]
[Date "2020.02.25"]
[Round "7"]
[White "Kupervaser, Erez"]
[Black "Kudischewitsch, David"]
[Result "1-0"]
[WhiteElo "2350"]
[BlackElo "2327"]
[PlyCount "125"]
[EventDate "2020.01.26"]
[EventType "tourn"]
[EventRounds "9"]
[EventCountry "ISR"]
[EventCategory "3"]
[SourceTitle "CBM 195 Extra"]
[Source "ChessBase"]
[SourceDate "2020.05.31"]
[SourceVersion "1"]
[SourceVersionDate "2020.05.31"]
[SourceQuality "1"]

1. e4 d5 2. exd5 Qxd5 3. Nf3 Bg4 4. Be2 c6 5. d4 Qa5+ 6. Nbd2 e6 7. 0-0 Nf6 8. Nc4 Qd8 9. Nce5 Bxf3 10. Bxf3 Be7 11. a4 a5 12. c3 0-0 13. Qb3 Qc8 14. Bg5 Re8 15. Rfe1 Nd5 16. Bxe7 Nxe7 17. Bh5 Ng6 18. f4 Nd7 19. Nxf7 Kxf7 20. f5 Nf6 21. fxg6+ hxg6 22. Be2 Re7 23. Bc4 Nd5 24. Re5 Qd7 25. Rf1+ Kg8 26. Qc2 Rf7 27. Qxg6 Rxf1+ 28. Bxf1 Re8 29. Bd3 Nf6 30. Bc4 b6 31. Rf5 Rf8 32. Re5 Re8 33. Qf5 Nd5 34. Qg4 Qf7 35. g3 Kf8 36. Bd3 Nf6 37. Qg5 Rd8 38. Bg6 Qe7 39. Qh4 Ng8 40. Qf4+ Nf6 41. Qe3 Rd6 42. h4 Nd5 43. Qe2 Qf6 44. Qh5 Ke7 45. Re2 Qf8 46. Rf2 Nf6 47. Qe2 Qh8 48. Bc2 Qh6 49. Kg2 Nd5 50. Qa6 Ne3+ 51. Kh1 Nxc2 52. Rxc2 g5 53. Qxb6 gxh4 54. Qc7+ Rd7 55. Qf4 Qxf4 56. gxf4 Kd6 57. Kg2 Rg7+ 58. Kh3 Rg1 59. Kxh4 Ra1 60. Kg5 Rxa4 61. Kf6 c5 62. dxc5+ Kxc5 63. Ke5 1-0

[Event "Petah Tikva Autumn 1"]
[Site "Petah Tikva"]
[Date "2019.10.23"]
[Round "1"]
[White "Peng, Li Min"]
[Black "Kudischewitsch, David"]
[Result "1/2-1/2"]
[WhiteElo "2454"]
[BlackElo "2349"]
[PlyCount "22"]
[EventDate "2019.10.23"]
[EventType "tourn"]
[EventRounds "9"]
[EventCountry "ISR"]
[EventCategory "2"]
[SourceTitle "CBM 193 Extra"]
[Source "ChessBase"]
[SourceDate "2020.01.31"]
[SourceVersion "1"]
[SourceVersionDate "2020.01.31"]
[SourceQuality "1"]

1. e4 c5 2. Nf3 e6 3. d3 Nc6 4. g3 g6 5. Bg2 Bg7 6. 0-0 Nge7 7. c3 e5 8. a3 d6 9. b4 a6 10. Be3 b6 11. Nbd2 0-0 1/2-1/2

[Event "ISR-chT"]
[Site "Israel"]
[Date "2019.04.05"]
[Round "11.6"]
[White "Kudischewitsch, David"]
[Black "Mikhalevski, Victor"]
[Result "1/2-1/2"]
[WhiteElo "2348"]
[BlackElo "2581"]
[PlyCount "24"]
[EventDate "2019.01.04"]
[EventType "team-tourn"]
[EventRounds "11"]
[EventCountry "ISR"]
[SourceTitle "CBM 189 Extra"]
[Source "ChessBase"]
[SourceDate "2019.06.03"]
[SourceVersion "1"]
[SourceVersionDate "2019.06.03"]
[SourceQuality "1"]
[WhiteTeam "Netanya Shlakman"]
[BlackTeam "Beer Sheva Alef Levant"]
[WhiteTeamCountry "ISR"]
[BlackTeamCountry "ISR"]

1. d4 Nf6 2. c4 e6 3. Nc3 c5 4. d5 exd5 5. cxd5 d6 6. h3 g6 7. Qd3 Qe7 8. Qe3 Qxe3 9. Bxe3 Na6 10. Bf4 Nb4 11. 0-0-0 Bf5 12. e4 Bd7 1/2-1/2

[Event "ISR-chT"]
[Site "Israel"]
[Date "2019.03.09"]
[Round "10.2"]
[White "Kudischewitsch, David"]
[Black "Barenboim, Grigory"]
[Result "1-0"]
[WhiteElo "2348"]
[BlackElo "2194"]
[PlyCount "78"]
[EventDate "2019.01.04"]
[EventType "team-tourn"]
[EventRounds "11"]
[EventCountry "ISR"]
[SourceTitle "CBM 189 Extra"]
[Source "ChessBase"]
[SourceDate "2019.06.03"]
[SourceVersion "1"]
[SourceVersionDate "2019.06.03"]
[SourceQuality "1"]
[WhiteTeam "Netanya Shlakman"]
[BlackTeam "Petah Tikva Hapoel"]
[WhiteTeamCountry "ISR"]
[BlackTeamCountry "ISR"]

1. d4 d5 2. c3 c6 3. Bg5 Bf5 4. Qb3 Qb6 5. Nd2 Nd7 6. f3 e5 7. e4 Be6 8. exd5 Bxd5 9. Bc4 Qxb3 10. axb3 exd4 11. Bxd5 cxd5 12. Ne2 Bc5 13. cxd4 Bb6 14. b4 Ngf6 15. Nb3 0-0 16. Kd2 Rfc8 17. Rac1 Kf8 18. Nc5 Bxc5 19. bxc5 Rc6 20. b4 a6 21. b5 Rcc8 22. b6 Rc6 23. Bf4 Re6 24. Nc3 Rae8 25. g4 h6 26. h4 Kg8 27. Rhe1 Kf8 28. g5 hxg5 29. hxg5 Nh5 30. Bc7 f6 31. g6 f5 32. Nxd5 Nhf6 33. Rxe6 Rxe6 34. Nf4 Re8 35. Bd6+ Kg8 36. d5 Rc8 37. c6 Nxb6 38. cxb7 Nc4+ 39. Kd3 Nxd6 1-0

[Event "Petah Tikva IM"]
[Site "Petah Tikva"]
[Date "2019.02.10"]
[Round "2"]
[White "Gorodetzky, Matan"]
[Black "Kudischewitsch, David"]
[Result "1/2-1/2"]
[WhiteElo "2154"]
[BlackElo "2350"]
[PlyCount "42"]
[EventDate "2019.02.06"]
[EventType "tourn"]
[EventRounds "11"]
[EventCountry "ISR"]
[EventCategory "2"]
[SourceTitle "CBM 189 Extra"]
[Source "ChessBase"]
[SourceDate "2019.06.03"]
[SourceVersion "1"]
[SourceVersionDate "2019.06.03"]
[SourceQuality "1"]

1. e4 d5 2. exd5 Qxd5 3. Nc3 Qa5 4. Nf3 Nf6 5. g3 c6 6. Bg2 Bf5 7. b4 Qd8 8. 0-0 a6 9. Re1 e6 10. Rb1 Be7 11. d3 0-0 12. Bd2 h6 13. a4 Qc7 14. Bf4 Bd6 15. Bxd6 Qxd6 16. Ne4 Qe7 17. Nxf6+ Qxf6 18. Ne5 Qe7 19. Qf3 Qc7 20. b5 axb5 21. axb5 Ra2 1/2-1/2

[Event "Jerusalem Japhet Memorial op 4th"]
[Site "Jerusalem"]
[Date "2018.07.05"]
[Round "6"]
[White "Ushenina, Anna"]
[Black "Kudischewitsch, David"]
[Result "1-0"]
[WhiteElo "2447"]
[BlackElo "2356"]
[PlyCount "73"]
[EventDate "2018.07.01"]
[EventType "swiss"]
[EventRounds "7"]
[EventCountry "ISR"]
[SourceTitle "CBM 185 Extra"]
[Source "ChessBase"]
[SourceDate "2018.07.29"]
[SourceVersion "1"]
[SourceVersionDate "2018.07.29"]
[SourceQuality "1"]

1. Nf3 Nf6 2. g3 d5 3. Bg2 c6 4. 0-0 Bf5 5. d3 h6 6. c4 e6 7. Nc3 Be7 8. cxd5 exd5 9. Nd4 Bh7 10. e4 dxe4 11. dxe4 0-0 12. Re1 Na6 13. Be3 Bc5 14. e5 Nd7 15. f4 Re8 16. a3 Nb6 17. b4 Bxd4 18. Bxd4 Nc7 19. Bf2 Qxd1 20. Rexd1 Rad8 21. a4 Nbd5 22. Nxd5 Nxd5 23. Bxd5 Rxd5 24. Rxd5 cxd5 25. Bxa7 Ra8 26. Bc5 Bc2 27. a5 Bd3 28. Kf2 g6 29. Ke3 Bc4 30. Kd4 h5 31. h3 Re8 32. Rb1 Ra8 33. g4 Kh7 34. Bb6 Rc8 35. Bc5 Ra8 36. f5 Re8 37. b5 1-0

[Event "Herzliya"]
[Site "Herzliya"]
[Date "2017.12.05"]
[Round "5"]
[White "Kudischewitsch, David"]
[Black "Flom, Gabriel"]
[Result "1-0"]
[WhiteElo "2350"]
[BlackElo "2474"]
[PlyCount "83"]
[EventDate "2017.12.01"]
[EventType "tourn"]
[EventRounds "9"]
[EventCountry "ISR"]
[EventCategory "7"]
[SourceTitle "CBM 182 Extra"]
[Source "ChessBase"]
[SourceDate "2018.02.23"]
[SourceVersion "1"]
[SourceVersionDate "2018.02.23"]
[SourceQuality "1"]

1. d4 Nf6 2. c4 c5 3. d5 e6 4. Nc3 exd5 5. cxd5 d6 6. h3 g6 7. Qd3 Bg7 8. Qe3+ Kf8 9. Qd3 Na6 10. e4 Kg8 11. Nf3 h6 12. Be2 Kh7 13. 0-0 Nc7 14. Bf4 Re8 15. Nd2 b5 16. Qg3 Bf8 17. Rfe1 b4 18. Nb5 Nh5 19. Bxh5 Nxb5 20. Be2 Nd4 21. Bd3 a5 22. Nb3 Nxb3 23. axb3 Ba6 24. Bc2 Ra7 25. h4 h5 26. Re3 Be7 27. e5 dxe5 28. Bxe5 Bxh4 29. Qh2 f5 30. Rae1 Rf7 31. g3 Bg5 32. f4 Bh6 33. d6 Qd7 34. g4 Rg8 35. Kf2 Qc6 36. Rg1 Qd5 37. Rd1 Qc6 38. gxf5 gxf5 39. d7 Rd8 40. Rd6 Qb5 41. Bd3 c4 42. bxc4 1-0

[Event "Herzliya"]
[Site "Herzliya"]
[Date "2016.08.26"]
[Round "3"]
[White "Kudischewitsch, David"]
[Black "Zoler, Dan"]
[Result "0-1"]
[WhiteElo "2355"]
[BlackElo "2484"]
[PlyCount "115"]
[EventDate "2016.08.24"]
[EventType "tourn"]
[EventRounds "9"]
[EventCountry "ISR"]
[EventCategory "7"]
[SourceTitle "EXT 2017"]
[Source "ChessBase"]
[SourceDate "2016.10.25"]
[SourceVersion "1"]
[SourceVersionDate "2016.10.25"]
[SourceQuality "1"]

1. d4 Nf6 2. c4 e6 3. g3 Bb4+ 4. Bd2 Be7 5. Bg2 d5 6. Qc2 0-0 7. Nf3 c6 8. 0-0 b6 9. Rd1 Ba6 10. b3 Nbd7 11. Be1 Rc8 12. Nbd2 c5 13. Qb2 Qc7 14. Rac1 Qb8 15. Kf1 Rfd8 16. a4 Bb7 17. h3 Ne4 18. Nxe4 dxe4 19. Ng1 cxd4 20. Qxd4 Nc5 21. Qe3 a5 22. Rxd8+ Rxd8 23. Rb1 f5 24. h4 Rd7 25. Qc1 Qd8 26. Qc2 Bc6 27. Nh3 Bf6 28. Nf4 Be5 29. Nh3 h6 30. Kg1 Kh7 31. Bf1 g5 32. hxg5 hxg5 33. Bc3 Bf6 34. Qb2 Kg6 35. Be5 Qh8 36. Bxf6 Qxf6 37. Qxf6+ Kxf6 38. e3 Rd2 39. b4 axb4 40. Rxb4 Nxa4 41. Kg2 Rb2 42. Rxb2 Nxb2 43. Be2 Bb7 44. Kf1 Ba6 45. Ng1 Bxc4 46. Bxc4 Nxc4 47. Ke1 Ne5 48. Ne2 Nd3+ 49. Kf1 b5 50. Nd4 b4 51. Nb3 Ke5 52. Ke2 g4 53. Nd4 Kd5 54. Nb3 Kc4 55. Nd4 Kc3 56. Nb5+ Kb2 57. Nd4 Nc5 58. Kd2 0-1

[Event "Herzliya"]
[Site "Herzliya"]
[Date "2016.08.25"]
[Round "2"]
[White "Haimovich, Tal"]
[Black "Kudischewitsch, David"]
[Result "0-1"]
[WhiteElo "2383"]
[BlackElo "2355"]
[PlyCount "114"]
[EventDate "2016.08.24"]
[EventType "tourn"]
[EventRounds "9"]
[EventCountry "ISR"]
[EventCategory "7"]
[SourceTitle "EXT 2017"]
[Source "ChessBase"]
[SourceDate "2016.10.25"]
[SourceVersion "1"]
[SourceVersionDate "2016.10.25"]
[SourceQuality "1"]

1. d4 Nf6 2. c4 c6 3. Nc3 d5 4. Nf3 dxc4 5. a4 Bf5 6. e3 Bd3 7. Bxd3 cxd3 8. 0-0 e6 9. Qxd3 a5 10. e4 Be7 11. Bg5 Na6 12. Rad1 0-0 13. Rfe1 Nb4 14. Qe2 Re8 15. h3 Nd7 16. Bf4 Nf6 17. Nh2 Qb6 18. Bg5 Rad8 19. Nf3 h6 20. Be3 Qa6 21. Qd2 Bf8 22. Bf4 Nd7 23. Bc7 Rc8 24. Bg3 Rcd8 25. Bh4 Be7 26. Bxe7 Rxe7 27. Re2 Qc4 28. Qf4 Nb6 29. Ne5 Qb3 30. Rdd2 f6 31. Nd3 Nxd3 32. Rxd3 Nxa4 33. Red2 Nxc3 34. Rxc3 Qb4 35. Rg3 Rxd4 36. Qb8+ Kh7 37. Re2 Rxe4 38. Rxe4 Qxe4 39. Qd8 Qe1+ 40. Kh2 Qb4 41. Rd3 Qf4+ 42. Kg1 Qc7 43. Qa8 Rd7 44. Rxd7 Qxd7 45. Qxa5 Qd1+ 46. Kh2 Qd4 47. Qa2 Qd5 48. Qa3 c5 49. g3 b5 50. Qc3 f5 51. h4 Qd4 52. Qc2 c4 53. Kg1 b4 54. Qe2 Qe4 55. Qd2 c3 56. bxc3 b3 57. Kf1 Qb1+ 0-1

[Event "Kiryat Ono Summer op"]
[Site "Kiryat Ono"]
[Date "2016.07.06"]
[Round "4"]
[White "Kudischewitsch, David"]
[Black "Friedland, Moshe"]
[Result "1-0"]
[WhiteElo "2355"]
[BlackElo "2168"]
[PlyCount "81"]
[EventDate "2016.07.03"]
[EventType "swiss"]
[EventRounds "5"]
[EventCountry "ISR"]
[SourceTitle "CBM 173 Extra"]
[Source "ChessBase"]
[SourceDate "2016.08.29"]
[SourceVersion "1"]
[SourceVersionDate "2016.08.29"]
[SourceQuality "1"]

1. d4 Nf6 2. c3 c5 3. dxc5 g6 4. Bf4 Bg7 5. e3 0-0 6. Nd2 Nc6 7. Ngf3 Re8 8. h3 b6 9. cxb6 axb6 10. Bh2 Bb7 11. Bb5 Na7 12. Be2 d5 13. 0-0 Nd7 14. Qc2 e5 15. Rfe1 Rc8 16. Rad1 Qe7 17. Qb1 f5 18. a3 Kh8 19. Nf1 Nc5 20. N3d2 Ne6 21. Qa2 Qf6 22. Qb3 Nc5 23. Qc2 Ne6 24. Qa4 Nc5 25. Qc2 Ne6 26. Nf3 f4 27. exf4 Nxf4 28. Bxf4 Qxf4 29. Qd2 Qf7 30. N3h2 Rf8 31. Bd3 Rcd8 32. Qe2 Nc6 33. f3 Qf4 34. Qe3 Qf7 35. Qxb6 e4 36. Bb5 Rd6 37. Qc5 Be5 38. fxe4 d4 39. Bxc6 Qf2+ 40. Kh1 Bxh2 41. Nxh2 1-0

[Event "EU-ch 16th"]
[Site "Jerusalem"]
[Date "2015.03.08"]
[Round "11"]
[White "Sadzikowski, Daniel"]
[Black "Kudischewitsch, David"]
[Result "1/2-1/2"]
[WhiteElo "2492"]
[BlackElo "2334"]
[PlyCount "102"]
[EventDate "2015.02.24"]
[EventType "swiss"]
[EventRounds "11"]
[EventCountry "ISR"]
[SourceTitle "CBM 166"]
[Source "ChessBase"]
[SourceDate "2015.05.11"]
[SourceVersion "1"]
[SourceVersionDate "2015.05.11"]
[SourceQuality "1"]

1. c4 c6 2. Nc3 d5 3. d4 Nf6 4. e3 e6 5. Nf3 Nbd7 6. Qc2 Be7 7. Bd3 0-0 8. 0-0 c5 9. cxd5 exd5 10. b3 b6 11. Bb2 Bb7 12. Rfd1 cxd4 13. Nxd4 g6 14. Rac1 Rc8 15. Qe2 Nc5 16. Bb1 Re8 17. b4 Ncd7 18. Ncb5 Rxc1 19. Rxc1 Bxb4 20. Nxa7 Bc5 21. Nab5 Ne5 22. Nb3 Bf8 23. Bd4 Ba6 24. a4 Ne4 25. Qb2 Bxb5 26. axb5 Nc4 27. Qa2 Ned6 28. Qa6 Qd7 29. Bxb6 Nxb5 30. Bc5 Rb8 31. Bxf8 Kxf8 32. Bd3 Nbd6 33. Nd4 Kg7 34. Be2 Ne5 35. Qa2 Qb7 36. Qa1 Qb2 37. Nf3 Qxa1 38. Rxa1 Nxf3+ 39. Bxf3 Ne4 40. Rd1 Rb5 41. g4 f5 42. gxf5 gxf5 43. h4 Kf6 44. Ra1 Rb6 45. Ra7 h6 46. Bxe4 fxe4 47. Kh2 Ke5 48. Rg7 Rf6 49. Kg3 Rf3+ 50. Kg2 Rf6 51. Rg8 Kf5 1/2-1/2

[Event "EU-ch 16th"]
[Site "Jerusalem"]
[Date "2015.02.24"]
[Round "1"]
[White "Kudischewitsch, David"]
[Black "Gajewski, Grzegorz"]
[Result "0-1"]
[WhiteElo "2334"]
[BlackElo "2646"]
[PlyCount "108"]
[EventDate "2015.02.24"]
[EventType "swiss"]
[EventRounds "11"]
[EventCountry "ISR"]
[SourceTitle "CBM 166"]
[Source "ChessBase"]
[SourceDate "2015.05.11"]
[SourceVersion "1"]
[SourceVersionDate "2015.05.11"]
[SourceQuality "1"]

1. d4 Nf6 2. c4 e6 3. a3 c5 4. d5 d6 5. Nc3 exd5 6. cxd5 g6 7. Qd3 Bg7 8. Qe3+ Kf8 9. Qd3 a6 10. a4 Nbd7 11. Nf3 Ng4 12. Nd2 f5 13. g3 Nde5 14. Qc2 Qe7 15. h3 Nf6 16. Bg2 h5 17. f4 Nf7 18. Nf3 h4 19. Nxh4 Rxh4 20. gxh4 Bd7 21. 0-0 Re8 22. a5 Ne4 23. e3 Qxh4 24. Ra3 Nh6 25. Rb3 Nxc3 26. bxc3 Ba4 27. Qb2 Bxb3 28. Qxb3 Re7 29. c4 Ng8 30. Bd2 Nf6 31. Qb6 Ne8 32. Qb1 Kf7 33. Qc2 Nf6 34. Rb1 Qg3 35. Qd3 Kg8 36. Rf1 Qh4 37. Rb1 Qg3 38. Rf1 Nh5 39. Rf3 Qh4 40. Rf1 Qf6 41. Rb1 g5 42. fxg5 Qxg5 43. Rf1 Rf7 44. Rf3 Be5 45. Be1 Rg7 46. Qf1 f4 47. Kh1 Qg6 48. exf4 Nxf4 49. Rg3 Qxg3 50. Bxg3 Rxg3 51. Qd1 Rxg2 52. Qa4 Rg3 53. Qe8+ Kg7 54. Qe7+ Kg6 0-1

[Event "Maccabiah IM2"]
[Site "Jerusalem"]
[Date "2013.07.24"]
[Round "5"]
[White "Litwak, Aleksej"]
[Black "Kudischewitsch, David"]
[Result "1/2-1/2"]
[WhiteElo "2229"]
[BlackElo "2344"]
[PlyCount "70"]
[EventDate "2013.07.21"]
[EventType "tourn"]
[EventRounds "9"]
[EventCountry "ISR"]
[EventCategory "3"]
[SourceTitle "CBM 155 Extra"]
[Source "ChessBase"]
[SourceDate "2013.08.26"]
[SourceVersion "1"]
[SourceVersionDate "2013.08.26"]
[SourceQuality "1"]

1. e4 c5 2. Nf3 e6 3. d4 cxd4 4. Nxd4 a6 5. Bd3 Ne7 6. 0-0 Nec6 7. Nb3 Be7 8. c4 d6 9. Nc3 0-0 10. f4 Nd7 11. Be3 b6 12. Qf3 Bb7 13. Qh3 g6 14. Rad1 Re8 15. f5 Bf6 16. fxe6 fxe6 17. Be2 Qe7 18. Na4 Rab8 19. Nxb6 Nxb6 20. Bxb6 Bxb2 21. c5 Be5 22. Bc4 Bc8 23. Kh1 dxc5 24. Bxc5 Qc7 25. Bg1 Qe7 26. Rc1 Nd8 27. Nc5 Ra8 28. Nd3 Bg7 29. Bc5 Qc7 30. Be3 Qe7 31. Bc5 Qc7 32. Be3 Qe7 33. Bh6 Bxh6 34. Qxh6 Nf7 35. Qf4 Rd8 1/2-1/2